书目信息 |
| 题名: |
心血管病的当今问题
|
|
| 作者: | 张文博 主编 | |
| 分册: | ||
| 出版信息: | 北京 科学技术文献出版社 1999.04 |
|
| 页数: | 438页 | |
| 开本: | 26cm | |
| 丛书名: | ||
| 单 册: | ||
| 中图分类: | R54 | |
| 科图分类: | ||
| 主题词: | 心脏血管疾病 | |
| 电子资源: | ||
| ISBN: | 7-5023-3101-8 | |
| 000 | 00574nam0 2200193 45 | |
| 001 | 0005191696 | |
| 005 | 20000519162347.2 | |
| 010 | @a7-5023-3101-8@d48.00元 | |
| 100 | @a20000519d1999 km y0chiy0120 ea | |
| 101 | 0 | @achi |
| 105 | @a z 000yy | |
| 200 | 1 | @a心血管病的当今问题@AXin Xue Guan Bing De Dang Jin Wen Ti@f张文博等 主编@FZhang Wen Bo Deng Zhu Bian |
| 210 | @a北京@c科学技术文献出版社@d1999.04 | |
| 215 | @a438页@d26cm | |
| 606 | 0 | @a心脏血管疾病 |
| 690 | @aR54@v3 | |
| 701 | 0 | @a张文博@4主编 |
| 801 | @aCN@b8012@c20000519 | |
| 905 | @aBZT@b70719-728@dR54@e10@f10 | |
| 心血管病的当今问题/张文博等 主编.-北京:科学技术文献出版社,1999.04 |
| 438页;26cm |
| ISBN 7-5023-3101-8:48.00元 |
| ● |
| 相关链接 |
|
|
|
正题名:心血管病的当今问题
索取号:R54/10
 
预约/预借
| 序号 | 登录号 | 条形码 | 馆藏地/架位号 | 状态 | 备注 |
| 1 | 70719 | 200628366 | 中心书库中库/ 中库009架A面7列2层10/ [索取号:R54/10] | 在馆 | |
| 2 | 70720 | 200628375 | 中心书库中库/ 中库009架A面7列2层9/ [索取号:R54/10] | 在馆 | |
| 3 | 70721 | 200628357 | 中心书库中库/ 中库009架A面7列2层3/ [索取号:R54/10] | 在馆 | |
| 4 | 70722 | 200628384 | 中心书库中库/ 中库009架A面7列2层5/ [索取号:R54/10] | 在馆 | |
| 5 | 70723 | 200628348 | 中心书库中库/ 中库009架A面7列2层1/ [索取号:R54/10] | 在馆 | |
| 6 | 70724 | 200628339 | 中心书库中库/ 中库009架A面7列2层6/ [索取号:R54/10] | 在馆 | |
| 7 | 70725 | 200628320 | 中心书库中库/ 中库009架A面7列2层8/ [索取号:R54/10] | 在馆 | |
| 8 | 70726 | 200628311 | 中心书库中库/ 中库009架A面7列2层4/ [索取号:R54/10] | 在馆 | |
| 9 | 70727 | 200628393 | 中心书库中库/ 中库009架A面7列2层2/ [索取号:R54/10] | 在馆 | |
| 10 | 70728 | 200628400 | 中心书库中库/ 中库009架A面7列2层7/ [索取号:R54/10] | 在馆 |